000 00653nam a22001937a 4500
005 20251108165438.0
008 250721s1962 xx 000 0 ara d
082 1 4 _aم/811.1/ل
100 1 _aالعامري، لبيد بن أبي ربيعة
245 1 0 _aشرح ديوان لبيد بن أبي ربيعة العامري /
264 1 _aالكويت :
_bوزارة الأرشاد و الأنباء،
_c1962.
300 _a459ص
490 0 _aسلسلة التراث العربي
650 1 7 _aالشعر العربي
650 1 7 _aالعصر الجاهلي
700 1 _aعباس، إحسان
_eتحقيق
942 _2ddc
_cREF
999 _c28099
_d28099